Crime and criminology

সংরক্ষণ করুন:
গ্রন্থ-পঞ্জীর বিবরন
প্রধান লেখক: Reid, Sue Titus
বিন্যাস: গ্রন্থ
ভাষা:Undetermined
প্রকাশিত: Boston, Mass. McGraw-Hill 2000
বিষয়গুলি:
ট্যাগগুলো: ট্যাগ যুক্ত করুন
কোনো ট্যাগ নেই, প্রথমজন হিসাবে ট্যাগ করুন!
Thư viện lưu trữ: Trung tâm Học liệu Trường Đại học Cần Thơ
LEADER 00513nam a2200205Ia 4500
001 CTU_115791
008 210402s9999 xx 000 0 und d
020 |c 100.63 
082 |a 364 
082 |b R358 
100 |a Reid, Sue Titus 
245 0 |a Crime and criminology 
245 0 |c Sue Titus Ried 
260 |a Boston, Mass. 
260 |b McGraw-Hill 
260 |c 2000 
650 |a Criminology,Crime 
650 |z United States 
904 |i Mai 
980 |a Trung tâm Học liệu Trường Đại học Cần Thơ